000 00776nam a22002057a 4500
001 6368
003 FISKH
005 20250424105842.0
008 250424b cb ||||| |||| 00| 0 eng d
020 _a9780198356912
040 _aFISKH
_beng
_cFISKH
_dFISKH
100 _aWoolliscroft, Justin
245 _ageog.1 Workbook :
_bAnswer book 4th Edition /
_cBy Justin Woolliscroft
250 _aFirst published 2006
260 _aOxford :
_bOxford University Press,
_c2014.
300 _a70 pages :
_billustrations, maps ;
_c29 cm .
520 _aA help-at-a-glance answer book providing support for the new-edition geog.1 workbook, which has been revised and updated to deliver the new Programme of Study for Geography at Key Stage 3.
942 _2ddc
_cBK
_n0
999 _c6368
_d6368